Prof. G Ram Reddy Library

एक था राधा मोहन गोकुल/ (Record no. 155825)

MARC details
000 -LEADER
fixed length control field 00805nam a2200217Ia 4500
003 - CONTROL NUMBER IDENTIFIER
control field LDD
005 - DATE AND TIME OF LATEST TRANSACTION
control field 20191126153534.0
008 - FIXED-LENGTH DATA ELEMENTS--GENERAL INFORMATION
fixed length control field 190117s9999 xx 000 0 und d
020 ## - INTERNATIONAL STANDARD BOOK NUMBER
International Standard Book Number 9789381997796
Terms of availability ₹100
040 ## - CATALOGING SOURCE
Transcribing agency LDD
041 ## - LANGUAGE CODE
Language code of text/sound track or separate title hi
082 ## - DEWEY DECIMAL CLASSIFICATION NUMBER
Edition number 23
Classification number 8H4.7 ए12
245 #0 - TITLE STATEMENT
Title एक था राधा मोहन गोकुल/
Statement of responsibility, etc. संपादक किशन कालजयी
260 ## - PUBLICATION, DISTRIBUTION, ETC.
Name of publisher, distributor, etc. नयी किताब
Date of publication, distribution, etc. 2015
Place of publication, distribution, etc. दिल्ली
300 ## - PHYSICAL DESCRIPTION
Extent x, 128
650 ## - SUBJECT ADDED ENTRY--TOPICAL TERM
Topical term or geographic name entry element राधामोहन गोकुल
9 (RLIN) 9534
700 ## - ADDED ENTRY--PERSONAL NAME
Personal name कालजयी किशन
Relator term संपादक
9 (RLIN) 6388
901 ## - LOCAL DATA ELEMENT A, LDA (RLIN)
a STAR
904 ## - LOCAL DATA ELEMENT D, LDD (RLIN)
a Reqst by : Satyakam
942 ## - ADDED ENTRY ELEMENTS (KOHA)
Source of classification or shelving scheme Dewey Decimal Classification
Koha item type Hindi Books
Edition 23
Classification part 8H4.7 ए12
Holdings
Withdrawn status Lost status Source of classification or shelving scheme Damaged status Not for loan Home library Current library Date acquired Total Checkouts Full call number Barcode Date last seen Price effective from Koha item type
No   Dewey Decimal Classification     Library and Documentation Division Library and Documentation Division 01/17/2019   8H4.7 ए12 H021653 01/17/2019 01/17/2019 Hindi Books

© Prof. G Ram Reddy Centre Library, Indira Gandhi National Open University, Maidan Garhi, New Delhi, 110068
+91-011-29532797 | FAX+91-011-29533393 |